French Monarchs - Statistics

General Stats
  • This quiz has been taken 225 times
  • The average score is 42 of 76
Answer Stats
Year Monarch % Correct
814-840 Louis I
93%
1314-1316 Louis X
93%
1461-1483 Louis XI
92%
986-987 Louis V
91%
877-879 Louis II
90%
879-882 Louis III
90%
936-954 Louis IV
90%
1108-1137 Louis VI
90%
1137-1180 Louis VII
90%
1715-1774 Louis XV
90%
1774-1792 Louis XVI
90%
1223-1226 Louis VIII
89%
1498-1515 Louis XII
89%
1610-1643 Louis XIII
89%
1643-1715 Louis XIV
89%
1226-1270 Louis IX
88%
1792-1795 Louis XVII
87%
1814-1815 Louis XVIII
84%
1815-1824 Louis XVIII
84%
1804-1814 Napoleon I
78%
1815-1815 Napoleon I
78%
1815-1815 Napoleon II
78%
1852-1870 Napoleon III
77%
840-877 Charles II
73%
885-888 Charles III
72%
898-922 Charles III
72%
1322-1328 Charles IV
72%
1364-1380 Charles V
72%
1031-1060 Henry I
71%
1560-1574 Charles IX
70%
1380-1422 Charles VI
70%
1422-1461 Charles VII
69%
1824-1830 Charles X
69%
1547-1559 Henry II
69%
1574-1589 Henry III
68%
1589-1610 Henry IV
67%
1483-1498 Charles VIII
65%
1060-1108 Philip I
64%
768-814 Charlemagne
63%
1180-1223 Philip II
63%
1270-1285 Philip III
62%
1285-1314 Philip IV
62%
1316-1322 Philip V
62%
1328-1350 Philip VI
62%
1515-1547 Francis I
58%
1559-1560 Francis II
58%
1316-1316 John I
55%
1350-1364 John II
53%
922-923 Robert I
44%
996-1031 Robert II
42%
481-511 Clovis I
40%
639-657 Clovis II
36%
987-996 Hugh Capet
35%
751-768 Pepin
35%
768-771 Carloman I
28%
882-884 Carloman II
27%
888-898 Odo
27%
1422-1453 Henry VI
25%
954-986 Lothair
23%
629-639 Dagobert I
20%
923-936 Rudolph
18%
691-695 Clovis IV
16%
711-715 Dagobert III
15%
511-558 Childebert I
14%
673-675 Childeric II
13%
567-584 Chilperic I
13%
715-721 Chilperic II
13%
743-751 Childeric III
12%
558-561 Chlothar I
12%
1830-1848 Louis-Philipe I
12%
675-691 Theuderic III
11%
695-711 Childebert III
10%
657-673 Chlothar III
10%
721-737 Theuderic IV
10%
561-567 Charibert I
7%
584-629 Cholthar II
3%
No matching quizzes found
Score Distribution
Percent of People with Each Score
Percentile by Number Answered
Your Score History
You have not taken this quiz